The Horde (Бичлэгийн дугаар. 144237)
| 000 -УДИРДЛАГА | |
|---|---|
| Удирдлага | 01514nam a2200397 4500 |
| 003 - ХЯНАЛТЫН ТОО ТОДОРХОЙЛОГЧ | |
| Код | MN-UlNUM |
| 005 - БИЧИЛТ ХИЙСЭН ОГНОО | |
| Тухайн бичилтийг бичсэн засварласан сүүлийн огноо | 20251009100320.0 |
| 008 - ЕРӨНХИЙ МЭДЭЭЛЭЛ | |
| Ерөнхий мэдээлэл | 250918s2021 mauab||| |||| 00| | eng d |
| 020 ## - ISBN | |
| ISBN | 9780674278653 |
| 040 ## - БИЧЛЭГ ҮҮСГЭГЧ БАЙГУУЛЛАГА | |
| Бичлэг үүсгэгч номын сангийн код | МУИС-ийн номын сан |
| 084 ## - ББК АНГИЛАЛ | |
| Нэмэлт тусгалт | Нэг сэдэвт бүтээл |
| Мэдлэгийн ялгаа | 63 - Түүх |
| ББК ангилал | 63.3(1) |
| Зохиогчийн гурван тэмдэгт | F 29 |
| 100 1# - ЗОХИОГЧ | |
| Зохиогчийн нэр | Favereau, Marie |
| 240 ## - Шифр - Номын наалт, тайланд хэрэглэх | |
| Ангилалын дугаар /Зохиогчийн 3 тэмдэгт | 63.3(1) F 29 |
| 245 14 - ҮНДСЭН ГАРЧИГ | |
| Номын нэр | The Horde |
| Бага гарчгийн мэдээ | How the Mongols Changed the World |
| 260 ## - ГАРАЛТЫН МЭДЭЭ | |
| Хэвлэгдсэн газар | Cambridge, Massachusetts |
| Хэвлэлийн газар | The Belknap Press of Harvard University Press |
| Хэвлэгдсэн он | 2021 |
| 300 ## - МАТЕРИАЛЫН ТОДОРХОЙЛОЛТ | |
| хуудасны тоо | 377 pages : |
| Бусад тоон мэдээлэл | illustrations, maps ; |
| Хэмжээ | 24 cm |
| 500 ## - Тайлбар | |
| Дансны дугаар | ГФ 20858 |
| 505 ## - Агуулгын тэмдэглэгээ | |
| Агуулгын тэмдэглэгээ | "The Mongols are universally known as conquerors, but they were more than that: influential thinkers, politicians, engineers, and merchants. Challenging the view that nomads are peripheral to history, The Horde reveals the complex empire the Mongols built and traces its enduring imprint on politics and society in Europe, Asia, and the Middle East" |
| 546 ## - ХЭЛНИЙ ТУХАЙ МЭДЭЭ | |
| Хэл | Англи хэл дээр, |
| 653 ## - Түлхүүр үг | |
| Түлхүүр үг | civilization, Mongol |
| 653 ## - Түлхүүр үг | |
| Түлхүүр үг | Mongols History |
| 653 ## - Түлхүүр үг | |
| Түлхүүр үг | Golden Horde civilization |
| 653 ## - Түлхүүр үг | |
| Түлхүүр үг | Golden Horde history |
| 740 ## - НОМЫН ГАРЧИГ | |
| Гарчиг | Introduction: A Power of a New Kind |
| 740 ## - НОМЫН ГАРЧИГ | |
| Гарчиг | The Resilience of the Felt-Walled Tents |
| 740 ## - НОМЫН ГАРЧИГ | |
| Гарчиг | Into the West |
| 740 ## - НОМЫН ГАРЧИГ | |
| Гарчиг | New Hordes |
| 740 ## - НОМЫН ГАРЧИГ | |
| Гарчиг | The Great Mutation |
| 740 ## - НОМЫН ГАРЧИГ | |
| Гарчиг | The Mongol Exchange |
| 740 ## - НОМЫН ГАРЧИГ | |
| Гарчиг | The Northern Road |
| 740 ## - НОМЫН ГАРЧИГ | |
| Гарчиг | Withdrawal |
| 740 ## - НОМЫН ГАРЧИГ | |
| Гарчиг | Younger Brothers |
| 740 ## - НОМЫН ГАРЧИГ | |
| Гарчиг | Epilogue: The Horde's Mirror |
| 942 ## - ЭЛЕМЕНТИЙН ТӨРӨЛ | |
| Зүйлийн төрөл | Ном |
